Korešpondenčná analýza

Korešpondenčná analýza je populárna metóda na vizualizáciu dát. Dva druhy korešpondenčnej analýzy – jednoduchá a viacnásobná. V oboch prípadoch sa výsledky zobrazujú do mapy pomocou bodov. Zakreslené body predstavujú relatívne početnosti kontingenčnej tabuľky. Pozícia bodov poukazuje na podobnosť me...

ver descrição completa

Na minha lista:
Detalhes bibliográficos
Autor principal: Coss, Soňa
Formato: Capítulo de Livro
Idioma:eslovaco
Assuntos:
Tags: Adicionar Tag
Sem tags, seja o primeiro a adicionar uma tag!

MARC

LEADER 00000nla a2200000 4500
001 0230483
005 20240502073801.2
041 0 |a slo 
044 |a SK 
245 1 0 |a Korešpondenčná analýza  |c Soňa Coss 
520 |a Korešpondenčná analýza je populárna metóda na vizualizáciu dát. Dva druhy korešpondenčnej analýzy – jednoduchá a viacnásobná. V oboch prípadoch sa výsledky zobrazujú do mapy pomocou bodov. Zakreslené body predstavujú relatívne početnosti kontingenčnej tabuľky. Pozícia bodov poukazuje na podobnosť medzi jednotlivými riadkovými kategóriami, medzi stĺpcovými kategóriami, ako aj na vzájomný vzťah medzi nimi. Pomocou tejto metódy sú zobrazené body znížením dimenzie priestoru, aby vynikli skryté vzťahy a asociácia medzi analyzovanými premennými. 
610 2 0 |a metódy štatistické 
610 2 0 |a tabuľky kontingenčné 
610 2 0 |a analýza faktorová 
100 1 |a Coss, Soňa